000 00432nam a2200157Ia 4500
008 230917s9999||||xx |||||||||||||| ||und||
040 _e149113
_aMAIN
041 _aEnglish
082 _a346.086 P966B
100 _aPuliani, Ravi, Ed
245 0 _aBharat's: manual of insurance laws:inclding IRDA notifications and circlars
250 _a11th ed.
260 _aNew Delhi
_bBharat Law
_c2008
300 _a1104p p.
942 _cBK
999 _c146421
_d146421